01434nab a22002657a 4500003000400000005001700004008004100021040000700062100002100069245016700090260007200257300001300329500005000342505038200392505009000774650002000864650002400884650001300908650003300921650002400954650001300978650002800991650001601019773013301035OSt20260115191242.0190605e xxu||||| |||| 00| 0 spa d cPJ aForconi, Ignacio13aEl derecho a la desconexión laboral. Una respuesta jurídica y organizacional a los desafíos de la hiperconectividad - Por Ignacio Forconi cIgnacio Forconi. aCiudad Autónoma de Buenos Aires :bThomson Reuters La Ley,c2025. ap. 30-41 aCita Online: Cita: TR LALEY AR/DOC/346/2025. aSumario: I. Introducción.— II. El derecho a la desconexión: contexto y necesidad.— III. Fundamentos jurídicos y marco normativo.— IV. Impacto del derecho a la desconexión en las organizaciones.— V. Desafíos en la implementación del derecho a la desconexión.— VI. Jurisprudencia relevante.—VIII. Conclusiones.— IX. Síntesis.— X. Bibliografía.  t¿Te interesa el texto completo? Solicitalo al correo: koha@justierradelfuego.gov.ar  0aDERECHO LABORAL 0aCONTRATO DE TRABAJO 0aPANDEMIA 0aTECNOLOGIA DE LA INFORMACION 0aDERECHO INFORMATICO 0aINTERNET 0aINTELIGENCIA ARTIFICIAL 0aTELETRABAJO0 02711dCiudad Autónoma de Buenos Aires : Thomson Reuters La Ley, 1999-2002.tRevista de derecho del trabajo. Nº 2 - Marzo 2025